1 lettre, 1 animal (6) - Statistiques

Statistiques générales
  • Ce quiz a été pris 157 fois
  • Le résultat moyen est 9 sur 10
Statistiques - réponses
Hint Réponse % Correct
Bouton Mouton
95%
Pure Puce
95%
Botte Lotte
94%
Couette Mouette
94%
Couche Mouche
93%
Coule Poule
93%
Patois Putois
93%
Bigre Tigre
93%
Taule Taupe
92%
Poutre Loutre
90%
Aucun quiz correspondant
Distribution des résultats
% des personnes avec chaque résultat
Percentile par nombre de réponses
Votre historique - résultats
Vous n’avez pas pris ce quiz